Hindi sahity ka parichayatmak itihas (Record no. 120132)

MARC details
000 -LEADER
fixed length control field 00796nam a2200265Ia 4500
003 - CONTROL NUMBER IDENTIFIER
control field OSt
005 - DATE AND TIME OF LATEST TRANSACTION
control field 20260217142817.0
008 - FIXED-LENGTH DATA ELEMENTS--GENERAL INFORMATION
fixed length control field 210210b2010 xxu||||| |||| 00| 0 eng d
020 ## - INTERNATIONAL STANDARD BOOK NUMBER
International Standard Book Number 9788183614078
040 ## - CATALOGING SOURCE
Transcribing agency AL
041 ## - LANGUAGE CODE
Language code of text/sound track or separate title Hindi
082 ## - DEWEY DECIMAL CLASSIFICATION NUMBER
Classification number H891.9 MISH
100 ## - MAIN ENTRY--PERSONAL NAME
Personal name MISHR (Bhagirath)
Dates associated with a name मिश्रा (भगीरथ)
9 (RLIN) 255279
245 ## - TITLE STATEMENT
Title Hindi sahity ka parichayatmak itihas
Remainder of title हिंदी साहित्य का परिचयात्मक इतिहास
260 ## - PUBLICATION, DISTRIBUTION, ETC.
Place of publication, distribution, etc. Nayi Dilli
Name of publisher, distributor, etc. Radhakrashn
Date of publication, distribution, etc. 2010
300 ## - PHYSICAL DESCRIPTION
Extent 180
650 ## - SUBJECT ADDED ENTRY--TOPICAL TERM
Topical term or geographic name entry element sahity
9 (RLIN) 255280
650 ## - SUBJECT ADDED ENTRY--TOPICAL TERM
Topical term or geographic name entry element parichayatmak
9 (RLIN) 255281
650 ## - SUBJECT ADDED ENTRY--TOPICAL TERM
Topical term or geographic name entry element ka
9 (RLIN) 255282
650 ## - SUBJECT ADDED ENTRY--TOPICAL TERM
Topical term or geographic name entry element itihas
9 (RLIN) 255283
650 ## - SUBJECT ADDED ENTRY--TOPICAL TERM
Topical term or geographic name entry element Hindi
9 (RLIN) 255284
690 ## - LOCAL SUBJECT ADDED ENTRY--TOPICAL TERM (OCLC, RLIN)
Topical term or geographic name as entry element Hindi Literature
9 (RLIN) 255285
906 ## - LOCAL DATA ELEMENT F, LDF (RLIN)
a 070664
942 ## - ADDED ENTRY ELEMENTS (KOHA)
Source of classification or shelving scheme Dewey Decimal Classification
Koha item type Book
Holdings
Withdrawn status Lost status Source of classification or shelving scheme Damaged status Not for loan Collection code Home library Current library Shelving location Date acquired Source of acquisition Cost, normal purchase price Total Checkouts Full call number Barcode Date last seen Price effective from Koha item type
    Dewey Decimal Classification     Hindi St Aloysius Library St Aloysius Library   02/17/2021 Vidya Vihar Govind Nagar Kanpur 250.00   H891.9 MISH 070664 02/17/2021 02/17/2021 Book